A divat marketingkommunikációs eszközeinek hatékonyságmérése az új fogyasztók körében

Bibliográfiai részletek
Szerző: Gagyi Diána
További közreműködők: Harsányi Dr. Dávid
Dokumentumtípus: Diplomadolgozat
Kulcsszavak:Divat
Divatmarketing
Marketingkommunikáció
Kommunikációs eszközök
Fogyasztói magatartás
Hatékonyság
Online Access:http://dolgozattar.uni-bge.hu/410

MARC

LEADER 00000nta a2200000 i 4500
001 dolg410
005 20151015095416.0
008 150305suuuu hu om 000 hun d
040 |a BGE Dolgozattár Repozitórium  |b hun 
041 |a hu 
100 1 |a Gagyi Diána 
245 1 2 |a A divat marketingkommunikációs eszközeinek hatékonyságmérése az új fogyasztók körében  |c Gagyi Diána  |h [elektronikus dokumentum] 
695 |a Divat 
695 |a Divatmarketing 
695 |a Marketingkommunikáció  
695 |a Kommunikációs eszközök 
695 |a Fogyasztói magatartás  
695 |a Hatékonyság 
700 1 |a Harsányi Dr. Dávid  |e ths 
856 4 0 |u http://dolgozattar.uni-bge.hu/410/1/GagyiDi%C3%A1na_XCS72E_Szakdolgozat_2014.pdf  |z Dokumentum-elérés